000 01015nam a2200277 4500
001 18773
003 BJBSDDR
005 20260417134753.0
007 ta
008 060907s2001 fr fre
020 _a201145476X
020 _a9782011454768
040 _beng
_cDLC
041 _aFR
050 1 4 _aJA 88
_bD413i 2001
100 1 _aDenquin, Jean-Marie,
_d1947-
_944355
245 1 0 _aIntroduction à la science politique /
_cJean-Marie Denquin.
250 _a2ème éd. revue et augmentée
260 _aParis :
_bHachette Livre,
_c2001
300 _a155 pages ;
_c19 cm.
490 1 _aLes Fondamentaux
520 _aUne connaissance de base de la science politique est fréquemment requise des étudiants dans les filières universitaires politiques, juridiques et économiques. Ce livre propose des réponses claires et synthétiques aux questions essentielles que pose la matière.
650 4 _aCiencias políticas
_94398
830 0 _aFondamentaux,
_947999
_v12
942 _2lcc
_cBK
999 _c53883
_d53883